000 01062ngm a22003130a 4500
001 PT42244
003 AR-LpoUNG
005 20210201235927.0
007 vd cvaizq
008 191001s2010||||ag |||||||||||||||||spa d
037 _c$7.50
040 _aAR-LpoUNG
_bspa
_cAR-LpoUNG
_eaacr
041 _aspa
044 _aag
082 0 _a808.068 647zon
245 1 0 _aBob el constructor :
_bzona de trabajo rascacielos
260 _aBuenos Aires :
_bDifusión,
_c2010.
300 _aDVD (60 min.) : son., col.
520 _aBob está de vuelta en una nueva aventura para enseñarte el arte de construir rascacielos. Junto con Tumbler, Dizzy, Lofty y Flex, Bob siempre está listo para afrontar incluso los proyectos más majestuosos. Ningún problema es demasiado difícil de resolver cuando piensas en positivo y trabajas en equipo.
651 4 _azz
653 _aANIMACION
653 _aCINE
653 _aDVD
653 _aVIDEOS
653 _aVIDEOS INFANTILES
710 2 _aHIT Entertainment (Reino Unido)
905 _a42244
942 _cDVD
999 _c53786
_d53786